[Event "Canadian op U1800"]
[Site "Sault Ste Marie"]
[Date "2017.07.15"]
[Round "8.43"]
[White "Kilroy, Evan"]
[Black "Inkpen, Wane"]
[Result "1/2-1/2"]
[WhiteElo "1592"]
[BlackElo "1696"]
[PlyCount "47"]
[EventDate "2017.07.08"]
[EventType "swiss"]
[EventRounds "9"]
[EventCountry "CAN"]
[SourceTitle "EXT 2022"]
[Source "ChessBase"]
[SourceDate "2021.10.06"]
[SourceVersion "1"]
[SourceVersionDate "2021.10.06"]
[SourceQuality "1"]

1. e4 d5 2. exd5 Qxd5 3. Nc3 Qd6 4. Nf3 Nf6 5. d4 c6 6. Be2 Bg4 7. 0-0 e6 8. Bg5 Nbd7 9. Bh4 Qc7 10. Ne5 Bxe2 11. Qxe2 Bd6 12. f4 0-0 13. Kh1 b5 14. Ne4 Nxe4 15. Qxe4 Bxe5 16. fxe5 c5 17. Be7 cxd4 18. Bxf8 Rxf8 19. Rf4 Nc5 20. Qf3 Nd7 21. Qh5 Qxc2 22. Raf1 Qg6 23. Qxg6 hxg6 24. Re1 1/2-1/2

[Event "Canadian op U1800"]
[Site "Sault Ste Marie"]
[Date "2017.07.12"]
[Round "4.36"]
[White "Inkpen, Wane"]
[Black "Sadler, Craig"]
[Result "1-0"]
[WhiteElo "1696"]
[BlackElo "1642"]
[PlyCount "63"]
[EventDate "2017.07.08"]
[EventType "swiss"]
[EventRounds "9"]
[EventCountry "CAN"]
[SourceTitle "EXT 2022"]
[Source "ChessBase"]
[SourceDate "2021.10.06"]
[SourceVersion "1"]
[SourceVersionDate "2021.10.06"]
[SourceQuality "1"]

1. d4 c6 2. Nf3 Nf6 3. e3 g6 4. Be2 Bg7 5. 0-0 0-0 6. c4 d6 7. Nc3 Bg4 8. h3 Bxf3 9. Bxf3 Nbd7 10. b3 e5 11. Ba3 Qc7 12. Qc2 Rfd8 13. d5 c5 14. g4 a6 15. Be2 Nf8 16. Rad1 Qd7 17. Bc1 h6 18. Ne4 Nxe4 19. Qxe4 f5 20. Qc2 Nh7 21. f4 exf4 22. gxf5 gxf5 23. exf4 Rf8 24. Bd3 Kh8 25. Kh2 Qf7 26. Rg1 Bd4 27. Bb2 Qf6 28. Bxd4 Qxd4 29. Rgf1 Rf6 30. Bxf5 Qe3 31. Rde1 Qd4 32. Re4 1-0

[Event "IECG TE.2008.P.02501 email"]
[Site "IECG email"]
[Date "2008.03.15"]
[Round "2"]
[White "Inkpen, Wane"]
[Black "Hlavacek, Ladislav"]
[Result "1/2-1/2"]
[WhiteElo "1800"]
[BlackElo "1806"]
[PlyCount "65"]
[EventDate "2008.03.15"]
[EventType "tourn (corr)"]
[EventRounds "12"]
[SourceTitle "Corr 2024"]
[Source "ChessBase"]
[SourceDate "2023.10.19"]
[SourceVersion "1"]
[SourceVersionDate "2023.10.19"]
[SourceQuality "1"]

1. d4 d5 2. c4 c6 3. Nc3 Nf6 4. e3 e6 5. Nf3 Nbd7 6. Qc2 h6 7. Be2 Bd6 8. 0-0 0-0 9. b3 b6 10. Bb2 Bb7 11. Rad1 Qc7 12. Rc1 a6 13. Rfd1 Rfe8 14. h3 c5 15. cxd5 exd5 16. Qf5 g6 17. Qb1 Rac8 18. Bd3 Re7 19. dxc5 bxc5 20. Na4 Qd8 21. a3 Rc6 22. b4 c4 23. Bc2 Rc8 24. Ba1 Bc6 25. Nc3 Ne5 26. Nxe5 Bxe5 27. Ne2 Qd6 28. Bxe5 Qxe5 29. Rd4 Rb7 30. Nc3 Kg7 31. Rcd1 Rbc7 32. Ba4 Bb7 33. b5 1/2-1/2

[Event "IECG CB.2008.0.00180 email"]
[Site "IECG email"]
[Date "2008.03.09"]
[Round "?"]
[White "Inkpen, Wane"]
[Black "Sherwood, Russell"]
[Result "1/2-1/2"]
[WhiteElo "1800"]
[BlackElo "1964"]
[PlyCount "41"]
[EventDate "2008.03.09"]
[EventType "tourn (corr)"]
[EventRounds "6"]
[SourceTitle "Corr 2024"]
[Source "ChessBase"]
[SourceDate "2023.10.19"]
[SourceVersion "1"]
[SourceVersionDate "2023.10.19"]
[SourceQuality "1"]

1. d4 f5 2. g3 Nf6 3. Bg2 g6 4. Nh3 Bg7 5. c4 0-0 6. Nc3 d6 7. d5 Nbd7 8. 0-0 Nc5 9. Nf4 g5 10. Nh3 h6 11. f4 g4 12. Nf2 h5 13. Be3 h4 14. Bd4 h3 15. Bh1 Qe8 16. Re1 Qf7 17. e4 fxe4 18. Nfxe4 Nfxe4 19. Nxe4 Nxe4 20. Bxe4 Bd7 21. Bxg7 1/2-1/2